01032nam a2200205 450000500170000000800410001702000180005804100120007608200150008810000280010324500540013126000360018530000080022136500190022952003840024865000110063294200070064399900190065095201570066920260119053850.0260109b |||||||| |||| 00| 0 eng d a9781933820231 aEnglish a745.4bJON aJones Peter H. 9216256 aDesign for Care: Innovating Healthcare Experience aNew YorkbRosenfeld Mediac2013 a356 b3052.01cRs.00 aPART I RETHINKING CARE & ITS CONSUMERS 1. Design as caregiving 2. Co-creating care 3. Seeking health PART II RETHINKING PATIENTS 4. Design for patient agency 5. Patient-centered service design PART III RETHINKING CARE SYSTEMS 6. Design at the point of care 7. Designing healthy information technology 8. Systemic design for healthcare innovation 9. Designing healthcare futures  aDesign cBK c369802d369802 00102ddc4070aSOFTbSOFTd2026-01-05eDesign Book Studiog2726.46i289l0o745.4 JONpSOFT-BK-4816r2026-01-09 11:04:00t33%v4069.35w2025-12-12yBK